000 00431nam a2200181Ia 4500
001 15983
005 20260306170236.0
008 260306t2015||||xx |||||||||||||| ||und||
041 _aESP
082 _a346.52
_bB85
100 _aBrun, Philippe
_eAUT
245 0 _aResponsabilidad civil extracontractual
260 _c2015
300 _a813 páginas :
_c25 cm.
650 _aGEN
654 _aCDE
942 _cLIB
_dJUS
_fJUS
_2ddc
_n
999 _c15983
_d15983